000
00305nam a22001337a 4500
008
171027b xxu||||| |||| 00| 0 eng d
020
_a
9780070496675
041
_a
eng
080
_a
336
100
_a
55
101
_a
MEN
245
_a
FINANCIAL MANAGEMENT AND ANALYSIS
_c
PETERSON,P.P
942
_2
udc
_c
BK
999
_c
36045
_d
36045